000 00625cam a22002411 4500
001 sa 64008763
003 DLC
005 20260227112056.0
008 890727s1964 ii a b 000 0 hino
010 _asa 64008763
035 _a(OCoLC)20080429
040 _aDLC
_cWaU
_dDLC
042 _apremarc
050 0 0 _aPK3797
_b.V36
100 1 _aVedālaṅkāra, Haridatta,
_d1917-
245 1 0 _aKālidāsa ke pakshī.
260 _c[1964]
300 _a2, 194 p.
_billus. (part col.)
_c25 cm.
500 _aIn Hindi.
504 _aBibliography: p. [183]-[185]
600 0 0 _aKālidāsa.
650 0 _aBirds in literature.
999 _c61023
_d61023